[Event "Bronshoj Autumn Gr-2"]
[Site "Copenhagen"]
[Date "2022.11.10"]
[Round "2"]
[White "Hald Falkesgaard, Jeppe"]
[Black "Hansen, Anders Bork"]
[Result "1-0"]
[WhiteElo "1849"]
[BlackElo "1950"]
[PlyCount "51"]
[EventDate "2022.10.27"]
[EventType "tourn"]
[EventRounds "5"]
[EventCountry "DEN"]
[SourceTitle "EXT 2024"]
[Source "ChessBase"]
[SourceDate "2023.10.10"]
[SourceVersion "1"]
[SourceVersionDate "2023.10.10"]
[SourceQuality "1"]

1. c4 Nf6 2. Nc3 e5 3. Nf3 Nc6 4. e4 Bb4 5. d3 d6 6. a3 Bc5 7. b4 Bb6 8. Na4 Bg4 9. Nxb6 axb6 10. Bb2 Qe7 11. Be2 0-0 12. 0-0 Rae8 13. Nh4 Bxe2 14. Qxe2 Nd4 15. Nf5 Qe6 16. f4 Kh8 17. Ne3 Nd7 18. Qf2 f6 19. Bxd4 exd4 20. Nd5 Rc8 21. Qxd4 f5 22. exf5 Qxf5 23. Rae1 c5 24. bxc5 dxc5 25. Qb2 Rf6 26. Ne7 1-0

[Event "Taastrup Spil Naar Du Vil 1st"]
[Site "Taastrup"]
[Date "2006.05.04"]
[Round "5"]
[White "Hansen, Anders Bork"]
[Black "Rasmussen, Emil Wulff"]
[Result "1-0"]
[WhiteElo "1855"]
[BlackElo "1147"]
[PlyCount "63"]
[EventDate "2006.03.30"]
[EventType "swiss"]
[EventRounds "9"]
[EventCountry "DEN"]
[SourceTitle "EXT 2023"]
[Source "ChessBase"]
[SourceDate "2022.10.05"]
[SourceVersion "1"]
[SourceVersionDate "2022.10.05"]
[SourceQuality "1"]

1. Nf3 e5 2. Nxe5 Qe7 3. d4 d6 4. Nf3 g6 5. e3 Bg4 6. Be2 Bg7 7. c3 Nd7 8. Nbd2 Ngf6 9. Qb3 0-0-0 10. 0-0 h5 11. Nc4 g5 12. Na5 Nb6 13. a4 c6 14. Nxc6 bxc6 15. a5 Nbd5 16. Ba6+ Kd7 17. Bb7 Bxf3 18. gxf3 c5 19. Bxd5 Rb8 20. Qc4 g4 21. dxc5 dxc5 22. f4 Qd6 23. Rd1 Ke7 24. Bf3 Qc7 25. Bg2 h4 26. e4 Rhd8 27. Be3 h3 28. Qxc5+ Qxc5 29. Bxc5+ Ke8 30. Bh1 Rxb2 31. e5 Nh5 32. Bc6+ 1-0